| 000 | 00495nam a2200181Ia 4500 | ||
|---|---|---|---|
| 008 | 240925s9999 xx 000 0 und d | ||
| 020 | _aNA | ||
| 082 | _a005.133 GAN | ||
| 100 | _aGandhi , Meeta | ||
| 245 | 4 | _aThe C odyssey Advanced Dos -the Uncharted water | |
| 250 | _aNA | ||
| 260 |
_aNew Delhi: _bBPB Publication _c,1992. |
||
| 300 |
_a512p. _bNA _fNA |
||
| 500 | _aIncludes Index | ||
| 600 | _aComputer Science | ||
| 650 | _aComputer science, information & general works | ||
| 942 | _cBK | ||
| 999 |
_c3455 _d3455 |
||